101% Harry Potter - Statistiques

Statistiques générales
  • Ce quiz a été pris 708 fois
  • Le résultat moyen est 77 sur 109
Statistiques - réponses
Indice Réponse % Correct
Parrain de Harry Potter, maraudeur et membre de l'Ordre du Phénix. Sirius Black
98%
Élève de Serdaigle âgée d'un an de plus que Harry, attrapeuse au quidditch, membre de l'armée de Dumbledore. Harry tombe sous son charme dès qu'il la rencontre. Cho Chang
90%
Petite amie de Ron Weasley lors de leur 6e année à Poudlard. Lavande Brown
90%
Principal directeur de Poudlard au cours de l'histoire de Harry Potter, fondateur de l'Ordre du Phénix. Albus Dumbledore
88%
Élève de Poufsouffle, champion de Poudlard lors du Tournoi des Trois Sorciers. Cédric Diggory
88%
Championne de Beauxbâtons lors du Tournoi des Trois Sorciers. Fleur Delacour
88%
Cousin de Harry Potter. Dudley Dursley
87%
Fantôme de la maison Serpentard. Le Baron Sanglant
87%
Professeur de botanique et directrice de Poufsouffle. Pomona Chourave
87%
Tante d'Harry Potter. Pétunia Dursley
86%
Ami de Drago Malefoy, élève de Serpentard. Vincent Crabbe
86%
C'est l'ennemi du personnage principal. Il met en place un système à l'aide des armoires à disparaître, pour faire entrer des mangemorts dans Poudlard. Drago Malefoy
85%
Frère du précédent. Fred Weasley
85%
Soeur du précédent. Ginny Weasley
85%
Personnage principal de l'histoire. Harry Potter
85%
Fantôme des toilettes des filles. Mimi Geignarde
85%
Meilleur ami du personnage principal, élève de Gryffondor, membre de l'armée de Dumbledore. Ronald Weasley
85%
Garde-chasse, professeur de soins aux créatures magiques à Poudlard. Rubeus Hagrid
85%
Professeur de potions, directeur de la maison Serpentard. Severus Rogue
85%
Oncle d'Harry Potter. Vernon Dursley
85%
Surnommé Fol Œil. Alastor Maugrey
84%
Frère du précédent. George Weasley
84%
Père du précédent. James Potter
84%
Compagne du précédent. Lily Potter
84%
Père du précédent. Lucius Malefoy
84%
Élève de Serdaigle, membre de l'armée de Dumbledore et amie de Harry Potter. Elle est décrite comme ayant des cheveux blonds sales jusqu'à la taille et un regard étourdi sur son visage. Luna Lovegood
84%
Professeur de métamorphose à Poudlard, directrice de la maison des Gryffondor membre l'Ordre du Phénix. Minerva McGonagall
84%
Compagne du précédent. Molly Weasley
84%
Loup-garou, maraudeur, membre de l'Ordre du Phénix décédé lors de la bataille finale de Poudlard. Remus Lupin
84%
Champion de Durmstrang lors au Tournoi des Trois Sorciers. Viktor Krum
84%
Frère du précédent. Bill Weasley
83%
L'un des quatre fondateurs de Poudlard. Il recherchait comme principale qualité chez ses élèves le courage. Godric Gryffondor
83%
Fantôme de la maison Gryffondor. Nick-Quasi-Sans-Tête
83%
Frère du précédent. Percy Weasley
83%
L'un des quatre fondateurs de Poudlard. Il recherchait des élèves rusés et ambitieux, issus de nobles lignées. Salazar Serpentard
83%
Il est le concierge de Poudlard Argus Rusard
82%
Père du précédent. Arthur Weasley
82%
Il se promène souvent avec un appareil photo et est en admiration devant Harry Potter, lui demandant des autographes. Colin Crivey
82%
Ami de Drago Malefoy, élève de Serpentard. Gregory Goyle
82%
Elle est un portrait de peinture, permettant l'accès à la salle commune de Gryffondor. La Grosse Dame
82%
Élève de Gryffondor, ancien gardien et capitaine de l'équipe de quidditch de Gryffondor. Olivier Dubois
82%
L'une des quatre fondateurs de Poudlard. Elle recherchait des élèves particulièrement intelligents, avides d'apprendre. Rowena Serdaigle
82%
Fonctionnaire au ministère de la Magie, professeur de Défense contre les forces du mal en 5e année de la personne principalet directrice de Poudlard. Dolores Ombrage
81%
L'une des quatre fondateurs de Poudlard. Elle recherchait des élèves honnêtes, loyaux et travailleurs. Helga Poufsouffle
81%
Principal antagoniste de l'histoire, mage noir réputé invincible, chef et fondateur des mangemorts. Lord Voldemort
81%
Frère du précédent. Charlie Weasley
80%
La fille principale de la saga. Hermione Granger
80%
Compagne du précédent. Narcissa Malefoy
80%
Fils du précédent. Neville Londubat
80%
Il fut professeur de Défense contre les forces du mal à Poudlard dans le premier tome de la saga. Quirinus Quirrell
80%
Elle arbitre pendant les matchs de Quidditch. Rolanda Bibine
80%
Tient la boutique de baguette magique au chemin de Traverse. Garrick Ollivander
79%
Fantôme de la maison Serdaigle. La Dame Grise
79%
Il est professeur de sortilèges à Poudlard, ainsi que directeur de la maison des Serdaigle. Filius Flitwick
78%
Il est un alchimiste travaillant en collaboration avec Albus Dumbledore. Il a découvert le secret de fabrication de la pierre philosophale. Nicolas Flamel
78%
Père du précédent. Xenophilius Lovegood
78%
Cinq fois lauréat du sourire le plus charmeur élu par Sorcière-Hebdo. Gilderoy Lockhart
77%
Il est professeur de potions à Poudlard, fondateur du club de Slug. Horace Slughorn
77%
Élève de Gryffondor, membre de l'armée de Dumbledore. Durant sa cinquième année, il ne croit pas le personnage principal lorsque celui-ci affirme que Voldemort est revenu, il indique que sa mère ne voulait pas qu'il revienne à l'école. Seamus Finnigan
77%
Directeur de Durmstrang, ancien mangemort. Igor Karkaroff
76%
Elle est professeur de divination à Poudlard. Sibylle Trelawney
76%
Membre de l'Ordre du Phénix. Elle peut changer à volonté, étant Métamorphomage. Nymphadora Tonks
75%
Soeur du précédent. Parvati Patil
75%
Elle est reporter pour la Gazette du Sorcier et ne cesse de déformer ce qu'on lui dit en interview grâce à sa Plume à Papote. C’est un Animagus non déclaré, elle peut se transformer en scarabée. Rita Skeeter
75%
Élève de Serdaigle, membre de l'armée de Dumbledore. Elle accompagne Ron Weasley au bal de Noël à l'occasion du Tournoi des Trois Sorciers. Padma Patil
74%
Père du précédent. Amos Diggory
73%
Directrice de l'Académie de Magie de Beauxbâtons. Olympe Maxime
73%
Frère du précédent. Abelforth Dumbledore
72%
Soeur du précédent. Ariana Dumbledore
71%
Ministre de la Magie de 1990 à 1996. Cornelius Fudge
71%
Élève de Poufsouffle, membre de l'armée de Dumbledore. Elle participa à la bataille de Poudlard. Après l'histoire principale, elle se marie avec Neville Londubat. Hannah Abbot
70%
Membre très actif du groupe des mangemorts, adepte de la torture. Bellatrix Lestrange
69%
Compagne du précédent. Alice Londubat
67%
Fantôme de la maison Poufsouffle. Le Moine Gras
67%
Il est Auror, membre de l'Ordre du Phénix, puis ministre de la Magie à la fin de l'histoire. C’est un grand sorcier noir à la voix grave. Il porte un anneau d'or à l'oreille. Kingsley Shacklebolt
66%
Poursuiveuse dans l'équipe de Gryffondor. Elle est amie avec Léanne. Katie Bell
65%
Élève de Gryffondor et poursuiveuse de l'équipe de quidditch, membre de l'armée de Dumbledore. Angelina Johnson
64%
De haute taille et noir de peau, élève de Gryffondor, membre de l'armée de Dumbledore. Dean Thomas
63%
Élève de Gryffondor, membre de l'armée de Dumbledore et meilleur ami de Fred et George Weasley. Lee Jordan
63%
Contrôleur du Magicobus. Stan Rocade
61%
Fils du précédent. Frank Londubat
60%
Père de Voldemort. Tom Jedusor Sr.
60%
Cracmol voisine de la famille Dursley, membre de l'Ordre du Phénix. Arabella Figg
59%
Mangemort condamné par son propre père et emprisonné à Azkaban. Dans Harry Potter et la Coupe de feu, il réussi à prendre l'apparence du professeur Maugrey. Bartemius Croupton Jr.
55%
Préfète de Serpentard et membre de la brigade inquisitoriale lors de sa 5e année. Pansy Parkinson
55%
Il est le grand-père maternel de Voldemort, descendant au sang pur de Salazar Serpentard. Elvis Marvolo Gaunt
53%
Préfète et petite amie de Percy. Pénélope Deauclaire
53%
Père du précédent. Bartemius Croupton Sr.
52%
Élève de Serpentard, il ne se montre pas très admiratif de Drago Malefoy et n'a pas peur de lui dévoiler ce qu'il pense vraiment de lui. Blaise Zabini
52%
Frère du précédent. Dennis Crivey
51%
Compagnon du précédent. Ted Tonks
51%
Mère du précédent. Andromeda Tonks
49%
Patronne du pub Les Trois Balais à Pré-au-Lard. Rosmerta
49%
Propriétaire et barman du Chaudron Baveur. Tom
49%
Fille du précédent. Merope Gaunt
47%
Elle est professeur d'astronomie à Poudlard. Aurora Sinistra
46%
Élève de Serpentard, membre de la Brigade Inquisitoriale. Elle se bat avec Hermione Granger lors du club de duel. Millicent Bulstrode
45%
Élève de Poufsouffle, membre de l'armée de Dumbledore. Filleule de Amélia et Edgar. Susan Bones
45%
Après sa carrière de quidditch, il a rejoint le département des jeux et sports magiques, et commenta la coupe du monde de quidditch en 1994. Il est également membre du jury du Tournoi des Trois Sorciers. Ludovic Verpey
44%
Grand-mère de la personne qui coupe la tête de Nagini avec l'épée de Gryffondor. Augusta Londubat
43%
Mère du précédent. Kendra Dumbledore
43%
Élève de Gryffondor et poursuiveuse au quidditch, membre de l'armée de Dumbledore. Alicia Spinnet
41%
Compagnon du précédent. Perceval Dumbledore
41%
Élève de Poufsouffle, il a préféré intégrer l'école de magie Poudlard, contrairement à sa mère qui avait souhaité le contraire. Justin Finch-Fletchley
38%
C'est le seul élève de Poufsouffle de son année qui obtient les résultats requis à sa BUSE de potion. Ernie Macmillan
36%
Frère du précédent. Morfin Gaunt
34%
Elle est professeur d'arithmancie à Poudlard. Septima Vector
29%
Élève de Poufsouffle, poursuiveur de leur équipe de quidditch après la mort de Cedric Diggory, membre de l'armée de Dumbledore. Zacharias Smith
24%
Elle découvrit un jour par hasard que Barty Croupton cachait son fils. Bertha Jorkins
18%
Aucun quiz correspondant
Distribution des résultats
% des personnes avec chaque résultat
Percentile par nombre de réponses
Votre historique - résultats
Vous n’avez pas pris ce quiz